| 000 | 00919nam a2200217 a 4500 | ||
|---|---|---|---|
| 003 | 0 | ||
| 005 | 20250310123154.0 | ||
| 008 | 080730s19uu xx 00 eng d | ||
| 050 |
_aPGS LB 3430 _b.Su958 2008 |
||
| 100 | _aSung, Myoung Gee. | ||
| 245 |
_aThe major concerns of grade 7 ILC students in entering upper school in the regular class / _cMyoung Gee Sung. |
||
| 260 |
_aLas PiƱas City, Philippines : _bSouthville International School and Colleges, _c2008. |
||
| 300 |
_a21 pages : _billustrations ; _c28 cm. |
||
| 504 | _aIncludes bibliographical references. | ||
| 650 |
_aSchool transition _vPsychological aspects. |
||
| 650 |
_aMiddle school students _vAdjustment to school environment. |
||
| 650 |
_aStudents with special needs _vIntegration into regular classes. |
||
| 650 |
_aEducation _vMainstreaming students. |
||
| 650 |
_aStudent concerns _vUpper school transition. |
||
| 942 |
_2lcc _cPASS |
||
| 999 |
_c98015 _d98015 |
||